| 000 | 00690nam a2200229Ia 4500 | ||
|---|---|---|---|
| 003 | IN-BaIIA | ||
| 008 | 211028s9999 xx 000 0 eng d | ||
| 020 | _a9971-51-323-4 | ||
| 040 | _cIIA Library | ||
| 080 |
_a621.337.1 _bNIS |
||
| 100 |
_aNise, Norman S. _927593 |
||
| 245 | 0 |
_aControl systems engineering _cNorman S. Nise |
|
| 250 | _a3rd ed. | ||
| 260 |
_aNew York _bJohn Wiley & Sons _c2000 |
||
| 300 | _axxii, 970p. | ||
| 650 |
_aAutomatic Control _93307 |
||
| 650 |
_aRoot Locus Techniques _927594 |
||
| 650 |
_aSteady State Errors _927595 |
||
| 650 |
_aSystems Engineering _927596 |
||
| 650 |
_aTime Response _927597 |
||
| 942 | _cBK | ||
| 999 |
_c15118 _d15118 |
||